Statistiken für Wichtige Städte des Orients (Map Quiz)

Klicken Sie hier um das Quiz zu spielen!

Allgemein

  • Dieses Quiz wurde 109 mal gespielt
  • Das Durchschnittsergebnis liegt bei 25 aus 36

Antworten auf der Karte

Die Antworten werden auf der Karte rot bzw. grün angezeigt, abhängig davon wie oft sie richtig erraten wurden.
 

Antwortstatistiken

Antwort% Korrekt
Algier
91%
Ankara
89%
Kairo
89%
Istanbul
86%
Tunis
81%
Abu Dhabi
79%
Bagdad
77%
Casablanca
77%
Damaskus
77%
Riad
77%
Tripolis
77%
Beirut
75%
Dubai
75%
Teheran
75%
Astana
72%
Baku
72%
Muscut
72%
Tiflis
70%
Amman
68%
Dakar
68%
Sanaa
68%
Jeddah
67%
Ouagadougou
67%
Khartum
65%
Jerewan
63%
Tanger
63%
Bischkek
61%
Duschanbe
61%
N'amey
60%
N'djamena
60%
Asmara
58%
El Aaiún
58%
Nouakchot
56%
Asgabad
54%
Bamako
54%
Taschkent
46%

Verteilung der Resultate

Perzentil nach korrekt beantworteten Fragen

Anzahl Personen mit jedem Resultat

Ihre Resultats-Entwicklung

Sie haben dieses Quiz noch nicht gespielt